LIBRARY ONLINE CATALOGUE

Defending humanity : (Record no. 12244)

MARC details
000 -LEADER
fixed length control field 00835nam a22002532 4500
001 - CONTROL NUMBER
control field 0000024599
005 - DATE AND TIME OF LATEST TRANSACTION
control field 20151217155236.0
008 - FIXED-LENGTH DATA ELEMENTS--GENERAL INFORMATION
fixed length control field 140110s xx 000 0 eng d
020 ## - INTERNATIONAL STANDARD BOOK NUMBER
International Standard Book Number 0199757213 :
040 ## - CATALOGING SOURCE
Original cataloging agency KABU
Transcribing agency KABU
100 1# - MAIN ENTRY--PERSONAL NAME
Personal name Fletcher, George P.
-- 0000184944
245 10 - TITLE STATEMENT
Title Defending humanity :
Remainder of title when force is justified and why /
Statement of responsibility, etc. George P. Fletcher and Jens David Ohlin.
250 ## - EDITION STATEMENT
Edition statement 1st ed.
260 ## - PUBLICATION, DISTRIBUTION, ETC. (IMPRINT)
Place of publication, distribution, etc. Oxford :
Name of publisher, distributor, etc. O. U. P.,
Date of publication, distribution, etc. 2008.
300 ## - PHYSICAL DESCRIPTION
Extent xvi, 268 p.
650 #0 - SUBJECT ADDED ENTRY--TOPICAL TERM
Topical term or geographic name as entry element War.
-- 0000183026
650 #0 - SUBJECT ADDED ENTRY--TOPICAL TERM
Topical term or geographic name as entry element War
General subdivision Causes.
-- 0000184945
650 #0 - SUBJECT ADDED ENTRY--TOPICAL TERM
Topical term or geographic name as entry element Intervention (International law)
-- 0000135107
650 #0 - SUBJECT ADDED ENTRY--TOPICAL TERM
Topical term or geographic name as entry element Preemptive attack (Military science)
-- 0000184946
700 1# - ADDED ENTRY--PERSONAL NAME
Personal name Ohlin, Jens David.
-- 0000184947
852 1# - LOCATION
-- p2160 KES
908 ## - PUT COMMAND PARAMETER (RLIN)
Put command parameter 140110
950 ## - LOCAL HOLDINGS (RLIN)
-- 1
Holdings
Withdrawn status Lost status Source of classification or shelving scheme Not for loan Home library Current library Date acquired Total Checkouts Full call number Barcode Date last seen Date last checked out Price effective from Koha item type
    Library of Congress Classification   Kabarak, Main Campus Kabarak, Main Campus 17/12/2015 5 JZ6385 .F54 2008 c. 1 016349 15/10/2019 14/10/2019 17/12/2015 General Collection